<?xml version="1.0" encoding="UTF-8"?>
<record
    xmlns:xsi="http://www.w3.org/2001/XMLSchema-instance"
    xsi:schemaLocation="http://www.loc.gov/MARC21/slim http://www.loc.gov/standards/marcxml/schema/MARC21slim.xsd"
    xmlns="http://www.loc.gov/MARC21/slim">

  <leader>02323njm a2200373Ia 4500</leader>
  <controlfield tag="001">73324</controlfield>
  <controlfield tag="003">IT-RoPAU</controlfield>
  <controlfield tag="005">20220918181155.0</controlfield>
  <controlfield tag="008">131025s9999    xx            000 0 und d</controlfield>
  <datafield tag="040" ind1=" " ind2=" ">
    <subfield code="a">IT-RoPAU</subfield>
  </datafield>
  <datafield tag="040" ind1=" " ind2=" ">
    <subfield code="c">IT-RoPAU</subfield>
  </datafield>
  <datafield tag="041" ind1=" " ind2=" ">
    <subfield code="a">POLACCO</subfield>
  </datafield>
  <datafield tag="999" ind1=" " ind2=" ">
    <subfield code="c">102516</subfield>
    <subfield code="d">102516</subfield>
  </datafield>
  <datafield tag="999" ind1=" " ind2=" ">
    <subfield code="b">n.d.</subfield>
  </datafield>
  <datafield tag="100" ind1=" " ind2=" ">
    <subfield code="a">AA.VV.</subfield>
    <subfield code="9">794</subfield>
  </datafield>
  <datafield tag="100" ind1=" " ind2=" ">
    <subfield code="e">Autore musica</subfield>
    <subfield code="9">24927</subfield>
  </datafield>
  <datafield tag="100" ind1=" " ind2=" ">
    <subfield code="g">Codice autore musica SPICS: 12000</subfield>
    <subfield code="9">796</subfield>
  </datafield>
  <datafield tag="245" ind1=" " ind2=" ">
    <subfield code="a">Z Archiwum Polskiego Beatu, vol. 20 (Lp Sx 2528)</subfield>
  </datafield>
  <datafield tag="250" ind1=" " ind2=" ">
    <subfield code="a">1a ed.</subfield>
  </datafield>
  <datafield tag="260" ind1=" " ind2=" ">
    <subfield code="a">POLONIA</subfield>
  </datafield>
  <datafield tag="260" ind1=" " ind2=" ">
    <subfield code="b">MUZA</subfield>
    <subfield code="c">1987 [1a Ed.:1971 - Ed. Lingua Orig.: 1971]</subfield>
  </datafield>
  <datafield tag="300" ind1=" " ind2=" ">
    <subfield code="a">DISCO</subfield>
  </datafield>
  <datafield tag="500" ind1=" " ind2=" ">
    <subfield code="a">Musica leggera polacca. Canzone polacca. La richiesta del sole sul mondo.</subfield>
  </datafield>
  <datafield tag="505" ind1=" " ind2=" ">
    <subfield code="a">Swieto Strachow (La festa dei vecchi) - Hej, Pomozcie Ludzie (Ei, aiutate gente) - Musze Miec Dziewczyne (Devo avere la ragazza) - Naga Rzeka (Il fiume nudo) - Dziewczyna, W Ktora Wierze (La ragazza nella quale credo) - Masz Przewrocone W Glowie (Sei matto) - Wymyslilem Ciebie (Ti ho inventato) - Szczescie Nosi Twoje Imie (La felicit&#xE0; porta il tuo nome) - Wolanie o Slonce Nad Swiatem (La richiesta del sole)</subfield>
  </datafield>
  <datafield tag="511" ind1=" " ind2=" ">
    <subfield code="a">Dzamble</subfield>
  </datafield>
  <datafield tag="650" ind1=" " ind2=" ">
    <subfield code="a">MUSICA POLACCA [DISCHI]</subfield>
    <subfield code="e">Codice MATERIA SPICS: 9950</subfield>
    <subfield code="9">24928</subfield>
  </datafield>
  <datafield tag="700" ind1=" " ind2=" ">
    <subfield code="a">Horwath J.</subfield>
    <subfield code="d">Codice autore musica SPICS: 25451</subfield>
    <subfield code="e">Autore musica</subfield>
    <subfield code="p">Swieto Strachow - Naga Rzeka - Dziewczyna, W Ktora Wierze - Wymyslilem Ciebie - Szczescie Nosi Twoje Imie</subfield>
    <subfield code="9">24929</subfield>
  </datafield>
  <datafield tag="700" ind1=" " ind2=" ">
    <subfield code="a">Sliwiak T.</subfield>
    <subfield code="d">Codice autore testo/musica SPICS: 25535</subfield>
    <subfield code="e">Autore testo/musica</subfield>
    <subfield code="p">Swieto Strachow - Musze Miec Dziewczyne - Szczescie Nosi Twoje Imie</subfield>
    <subfield code="9">24930</subfield>
  </datafield>
  <datafield tag="700" ind1=" " ind2=" ">
    <subfield code="a">Pawlik M.</subfield>
    <subfield code="d">Codice autore musica SPICS: 25452</subfield>
    <subfield code="e">Autore musica</subfield>
    <subfield code="p">Hej, Pomozcie Ludzie - Musze Miec Dziewczyne - Masz Przewrocone W Glowie - Szczescie Nosi Twoje Imie - Wolanie O Slonce Nad Swiatem</subfield>
    <subfield code="9">24931</subfield>
  </datafield>
  <datafield tag="700" ind1=" " ind2=" ">
    <subfield code="a">Moczulski L.A.</subfield>
    <subfield code="d">Codice autore testo/musica SPICS: 25536</subfield>
    <subfield code="e">Autore testo/musica</subfield>
    <subfield code="p">Hej, Pomozcie Ludzie - Dziewczyna, W Ktora Wierze - Masz Przewrocone W Glowie - Wolanie O Slonce Nad Swiatem</subfield>
    <subfield code="9">24932</subfield>
  </datafield>
  <datafield tag="700" ind1=" " ind2=" ">
    <subfield code="a">Zaucha Andrzej</subfield>
    <subfield code="d">Codice autore SPICS: 25223</subfield>
    <subfield code="e">Autore</subfield>
    <subfield code="p">Naga Rzeka</subfield>
    <subfield code="9">24933</subfield>
  </datafield>
  <datafield tag="700" ind1=" " ind2=" ">
    <subfield code="a">Ficowski J.</subfield>
    <subfield code="d">Codice autore testo/musica SPICS: 25518</subfield>
    <subfield code="e">Autore testo/musica</subfield>
    <subfield code="p">Naga Rzeka</subfield>
    <subfield code="9">24934</subfield>
  </datafield>
  <datafield tag="700" ind1=" " ind2=" ">
    <subfield code="a">Kawa A.</subfield>
    <subfield code="d">Codice autore testo/musica SPICS: 25537</subfield>
    <subfield code="e">Autore testo/musica</subfield>
    <subfield code="p">Wymyslilem Ciebie</subfield>
    <subfield code="9">24935</subfield>
  </datafield>
  <datafield tag="942" ind1=" " ind2=" ">
    <subfield code="c">MD</subfield>
    <subfield code="2">ddc</subfield>
  </datafield>
  <datafield tag="952" ind1=" " ind2=" ">
    <subfield code="0">0</subfield>
    <subfield code="1">0</subfield>
    <subfield code="4">0</subfield>
    <subfield code="6">73324_000000000000000</subfield>
    <subfield code="7">1</subfield>
    <subfield code="a">SPICS</subfield>
    <subfield code="b">SPICS</subfield>
    <subfield code="d">2013-10-25</subfield>
    <subfield code="l">0</subfield>
    <subfield code="o">73324</subfield>
    <subfield code="r">2013-10-25 00:00:00</subfield>
    <subfield code="w">2013-10-25</subfield>
    <subfield code="y">MD</subfield>
    <subfield code="z">Progr. Ins.: 17636 / N.Vol.: 1 / Copie: 1 - Copia rara: n.d. / date import: 01.01.2014 - By Epidotti, Trombetti, Vaglietti</subfield>
  </datafield>
</record>
